| 000 | 00357nam a2200145Ia 4500 | ||
|---|---|---|---|
| 005 | 20240814115927.0 | ||
| 008 | 240813s9999||||xx |||||||||||||| ||und|| | ||
| 082 | _a813 RAW | ||
| 100 | _aRawlings, Marjorie Kinnan | ||
| 245 | 0 | _aYearling | |
| 260 |
_aChicago _bCharles Scribner's Sons _c1947 |
||
| 300 | _a428p | ||
| 650 | _aAmerican Literature | ||
| 942 | _cBK | ||
| 999 |
_c8288 _d8288 |
||